Sparsely Populated Countries Quiz Stats

 Plays Quiz Updated Aug 11, 2019

Score 0/25 Timer 08:00
3 Plays Today
Rank Country % Correct
18.Russia
92.8%
9.Canada
91.5%
4.Australia
85.9%
1.Mongolia
79.7%
3.Denmark (incl. Greenland)
67.3%
13.Kazakhstan
64%
25.Norway
63.8%
15.Chad
61.3%
22.Saudi Arabia
57.6%
6.Iceland
56.8%
10.Libya
56.5%
21.Niger
54.7%
20.Mali
50.6%
Rank Country % Correct
19.Turkmenistan
44.5%
2.Namibia
41.3%
7.Mauritania
39.8%
14.Central African Republic
37.5%
16.Oman
34.3%
8.Botswana
34.1%
17.Bolivia
32.7%
23.Republic of the Congo
28.4%
5.Suriname
22.3%
11.Guyana
22.2%
12.Gabon
18%
24.Belize
14.3%

You're not logged in!

Compare scores with friends on all Sporcle quizzes.
OR
Log In

Sporcle TV

Today on Sporcle TV


Watch our educational content, quiz creation guides, and fun videos on Sporcle TV.

Show Comments

Extras

Top Quizzes Today


Score Distribution

Your Account Isn't Verified!

In order to create a playlist on Sporcle, you need to verify the email address you used during registration. Go to your Sporcle Settings to finish the process.

Report this User

Report this user for behavior that violates our Community Guidelines.

Details: